000
00314nam a22001337a 4500
008
210531b ||||| |||| 00| 0 eng d
041
_a
eng
080
_2
2nd
_a
330
082
_a
330
100
_a
56
101
_a
BIZ
245
_a
The Design and Placing of High Quality Concrete
_c
Stewart,D.A
942
_2
udc
_c
BK
999
_c
57827
_d
57827